Intercultural business communication
This book provides teachers, trainers, and business people with an introduction to the theory and practice of intercultural business communication, and surveys some key cultural dimensions and case studies. The approach is interactive, with exercises to encourage readers to reflect on their own atti...
Saved in:
| Main Author: | |
|---|---|
| Format: | Book |
| Language: | Undetermined |
| Published: |
Oxford [England]
Oxford University Press
2002
|
| Subjects: | |
| Tags: |
Add Tag
No Tags, Be the first to tag this record!
|
| Institutions: | Trung tâm Học liệu Trường Đại học Cần Thơ |
|---|
| LEADER | 00907nam a2200205Ia 4500 | ||
|---|---|---|---|
| 001 | CTU_123887 | ||
| 008 | 210402s9999 xx 000 0 und d | ||
| 020 | |c 130000 | ||
| 082 | |a 395.52 | ||
| 082 | |b G449 | ||
| 100 | |a Gibson, Robert | ||
| 245 | 0 | |a Intercultural business communication | |
| 245 | 0 | |c Robert Gibson | |
| 260 | |a Oxford [England] | ||
| 260 | |b Oxford University Press | ||
| 260 | |c 2002 | ||
| 520 | |a This book provides teachers, trainers, and business people with an introduction to the theory and practice of intercultural business communication, and surveys some key cultural dimensions and case studies. The approach is interactive, with exercises to encourage readers to reflect on their own attitudes and experience | ||
| 650 | |a Business etiquette.,Business communication.,Intercultural communication. | ||
| 904 | |i Minh | ||
| 980 | |a Trung tâm Học liệu Trường Đại học Cần Thơ | ||